000 00869nam a2200253Ia 4500
003 GCL
008 140319s9999 xx 000 0 ara d
040 _aGCL /
_cGCL
082 0 4 _a916.02
_bم ج
100 1 _aمحمد ابوالعلا
245 1 0 _aالجفاف واثرة على البيئة والانسان فى نطاق السامل بافريقية /
_cمحمد ابوالعلا
260 _a[S.N] :
_bمعهد البحوث والدراسات العربية ،
_c1992
300 _a205 ص
490 _aسلسلة الدراسات الخاصة
_v0
650 0 4 _aالجغرافيا الطبيعية
650 0 4 _aافريقيا
650 0 4 _aالبيئة والانسان
650 0 4 _aالارصاد الجوية
650 0 4 _aالنباتات
650 0 4 _aالامطار
650 0 4 _aالجفاف
650 0 4 _aمقاومة
942 _2ddc
_cBK
999 _c33466
_d33466